000 00435nam a2200193Ia 4500
008 170918s9999 xx 000 0 und d
020 _a590035851
050 _bC117 1997
100 _aCabrera, Jane
245 _aCat's colors /
245 _cJane Cabrera.
260 _aNew York :
260 _bScholastic,
260 _c1997
300 _aunpaged :
300 _bcolored illustration ;
300 _c27cm.
500 _aBR
999 _c340983
_d340983